000 00435nam a2200181Ia 4500
001 4866
005 20260306145826.0
008 260306t2002||||xx |||||||||||||| ||spa||
041 _aESP
082 _a330.985
_bG14
100 _aGalarza, Elsa
_eAUT
245 0 _aRuta hacia el desarrollo sostenible del Perú
260 _c2002
300 _a108 páginas :
_c20 cm.
650 _aGEN
654 _aCAN
942 _cLIB
_dJUS
_fJUS
_2ddc
_n
999 _c4866
_d4866